000 00434nam a2200157Ia 4500
008 230917s9999||||xx |||||||||||||| ||und||
020 _cRS870
040 _aMAIN
082 _a660 B142I
100 _aBadger, Walter L
245 0 _aIntroduction to chemical engineering
260 _aNew Delhi
_bMcGraw-Hill International
_c2016
300 _avii, 753 p.
500 _a2943 27/11/2017 HBD17/7108 05/12/2017 UIET (SFS)
942 _cBK
999 _c24682
_d24682